| 000 | 00957nam a22002777a 4500 | ||
|---|---|---|---|
| 001 | 140 | ||
| 003 | BR-CuiBMT | ||
| 005 | 20231025224911.0 | ||
| 008 | 230821s2021 mgba 000 0 por d | ||
| 020 | _a9786555180558 | ||
| 040 |
_aBR-CuiBMT _cBR-CuiBMT |
||
| 080 |
_22007 _a342.92 _x(81) |
||
| 090 |
_a342.92(81) _bG393 |
||
| 245 | 1 | 0 |
_aGestão pública brasileira : _binovação sustentável em rede / _cTeresa Villac, Fabiane Lopes Bueno Netto Bessa, Gisele Duarte Doetzer, coordenadores. |
| 260 |
_aBelo Horizonte : _bFórum, _c2021 |
||
| 300 |
_a413 p. : _bil. ; _c22 cm |
||
| 504 | _aInclui bibliografia. | ||
| 650 |
_aDireito administrativo _zBrasil |
||
| 650 | _aDireito ambiental | ||
| 650 |
_aGestão pública _xSustentabilidade |
||
| 650 |
_aGestão pública _xInovação |
||
| 700 | 1 |
_aBarki, Teresa Villac Pinheiro _4coord. |
|
| 700 | 1 |
_aBessa, Fabiane Lopes Bueno Netto _4coord. |
|
| 700 | 1 |
_aDoetzer, Gisele Duarte _4coord. |
|
| 942 |
_2udc _cLV |
||
| 999 |
_c140 _d140 |
||